| 000 | 00638nam a2200253Ia 4500 | ||
|---|---|---|---|
| 003 | AR-RoIUNI | ||
| 005 | 20190206155816.0 | ||
| 008 | 150616s9999 xx 000 0 und d | ||
| 020 | _a9500614677 | ||
| 040 | _cIUNIR | ||
| 040 |
_dOCLC _cIUNIR |
||
| 080 | _a616.9 MAN | ||
| 100 | 1 | _aMandell, Gerald L. | |
| 245 | 1 |
_aEnfermedades infecciosas _bPrincipios y práctica _nTomo 1 |
|
| 250 | _a3a. ed. | ||
| 260 | _aBuenos Aires | ||
| 260 | _bMédica Panamericana | ||
| 260 | _c1992 | ||
| 300 |
_c28 cm. _a1180 p. |
||
| 650 | 1 | 0 |
_9149 _aInfectología |
| 700 | 1 | _aGordon Douglas, R. | |
| 700 | 1 | _aBennett, John E. | |
| 942 |
_cBK _2cdu |
||
| 999 |
_c4296 _d4296 |
||